Chaîne de mots - Sous préfectures - Statistiques

Statistiques générales
  • Ce quiz a été pris 48 fois
  • Le résultat moyen est 9 sur 20
Statistiques - réponses
Indice Sous préfecture % Correct
Deuxième port militaire de France. Dans le Finistère Brest
100%
Plus grande ville de Champagne Reims
76%
Contenue dans les préfectures de la Haute-Garonne et du Var Toul
71%
Capitale historique de la Corse Corte
49%
Elle accueille un grande base aérienne dans le 13 Istres
49%
Ville importante de l'est du Maine-et-Loire Saumur
49%
On reste en Auvergne, non loin de Clermont-Ferrand Riom
46%
Limitrophe du Suriname Saint-Laurent-du-Maroni
46%
Grande ville rugbystique du Tarn Castres
44%
Dans l'Yonne, une des villes les plus peuplées de la Gaule Sens
44%
Ancienne préfecture du Var Draguignan
37%
Dans le sud de l'Essonne Étampes
37%
Aux pieds du Jura et à quelques kilomètres de Genève Gex
37%
Sous-préfecture corrézienne Ussel
37%
Ville modeste du nord de la Côte d'Or Montbard
34%
Dans le Cantal, le Président Pompidou était originaire de l'arrondissement Saint-Flour
34%
Sous-préfecture de l'Indre, traversée par la Creuse Le Blanc
32%
Dans le Médoc Lesparre-Médoc
32%
Sur la Sarre, dans le sud de la Moselle Sarrebourg
32%
Sous-préfecture de l'Ouest vosgien, à quelques kilomètres de Domrémy Neufchâteau
27%
Aucun quiz correspondant
Distribution des résultats
% des personnes avec chaque résultat
Percentile par nombre de réponses
Votre historique - résultats
Vous n’avez pas pris ce quiz